Value added tax : (Record no. 66442)

MARC details
000 -LEADER
fixed length control field 00574nam a22001577a 4500
005 - DATE AND TIME OF LATEST TRANSACTION
control field 20120510151923.0
020 ## - INTERNATIONAL STANDARD BOOK NUMBER
International Standard Book Number 8177080687
Terms of availability 490.00
035 ## - SYSTEM CONTROL NUMBER
System control number B-159791
037 ## - SOURCE OF ACQUISITION
Stock number DPL
Source of stock number/acquisition ENG
100 ## - MAIN ENTRY--PERSONAL NAME
Personal name Ahuja, Astha
245 ## - TITLE STATEMENT
Title Value added tax :
Remainder of title Indian and global experiences /
Statement of responsibility, etc by Astha Ahuja
260 ## - PUBLICATION, DISTRIBUTION, ETC. (IMPRINT)
Place of publication, distribution, etc New Delhi
Name of publisher, distributor, etc New Century Publications
Date of publication, distribution, etc 2004
300 ## - PHYSICAL DESCRIPTION
Extent xii, 263p.
Dimensions 20 cms.
942 ## - ADDED ENTRY ELEMENTS (KOHA)
Source of classification or shelving scheme Dewey Decimal Classification
Item type English Books
Classification part 336.2714
Call number suffix AHU
Holdings
Withdrawn status Lost status Not for loan Collection code Home library Current library Date acquired Cost, normal purchase price Full call number Barcode Cost, replacement price Koha item type Source of acquisition Copy number
      Non-fiction Sarojini Nagar Sarojini Nagar 10/05/2012 490.00 336.2714 AHU B-159791 490.00 English Books    
      Non-fiction Tri Nagar Tri Nagar 12/07/2018 490.00 336.2714 AHU B-159789 490.00 English Books BPPD/pub 1

© Delhi Public Library
Hit Counter
free hit counter